| 000 | 00362nam a2200145Ia 4500 | ||
|---|---|---|---|
| 005 | 20250320213749.0 | ||
| 008 | 240331s9999 xx 000 0 und d | ||
| 082 |
_bPAR _a894 |
||
| 100 | _aParthasarathy , I | ||
| 245 | 0 | _aVedapuratthu viyaparigal | |
| 260 |
_aMadras _bTamil Puthakalayam _c1994 |
||
| 300 | _a244 p ., | ||
| 500 | _aTamil Social Novel | ||
| 942 | _cL | ||
| 999 |
_c4313 _d4313 |
||